000 01184nam a2200265 i 4500
001 147312
003 ES-MaACL
005 20250603173408.0
007 t|
008 070927s1904 sp ||||1| spa d
100 1 _aUgarte y Pagés, Javier.
_9111900
245 1 3 _aEl problema social agrario en España
_b: segunda conferencia sobre el referido tema dada en el Ateneo de Madrid ante S.M. el rey D. Alfonso XIII /
_cpor el Excmo. Sr. D. Javier Ugarte y Pagés, el 23 de mayo de 1904.
260 _aMadrid :
_b[s.n.],
_c1904 (
_fImp. de los Hijos de M.G. Hernández)
300 _a35 p. ;
_c22 cm.
530 _aDisponible en formato digital.
594 _aPrecede al tít.: Cámara agrícola de Madrid y Asociación de Agricultura de España.
610 2 4 _aAteneo de Madrid-
_vConferencias-
_y1900-1939
_91907
651 7 _aEspaña-
_xCondiciones rurales
_2
_9151813
710 2 _aAteneo de Madrid.
_91875
710 0 _aCámara Agrícola de Madrid.
_92354
710 0 _aAsociación de Agricultores de España.
_91550
852 _aES-MaACL
_jT-1036-F-9
856 _uhttp://bdh-rd.bne.es/viewer.vm?id=0000249220&page=1
_zBiblioteca Digital Hispánica
999 _c147312
_d147312